Central Library OPAC University of Rajshahi

The playwright as thinker : (Record no. 62350)

MARC details
000 -LEADER
fixed length control field 00894nam a2200289 a 4500
001 - CONTROL NUMBER
control field 62350
003 - CONTROL NUMBER IDENTIFIER
rucl marc code BD-RjUL
005 - DATE AND TIME OF LATEST TRANSACTION
control field 20211209081054.0
008 - FIXED-LENGTH DATA ELEMENTS--GENERAL INFORMATION
fixed length control field 170123s1946 nyu 001 0 eng d
035 ## - SYSTEM CONTROL NUMBER
System control number BD-RjUL 62476
System control number (OCoLC)17159965
System control number GLIS00525659
040 ## - CATALOGING SOURCE
Original cataloging agency MNT
Transcribing agency MNT
Modifying agency RCD
Language of cataloging eng
041 ## - LANGUAGE CODE
Language code of text/sound track or separate title eng
082 ## - DEWEY DECIMAL CLASSIFICATION NUMBER
Edition number 23
Classification number 808.2
Author mark and year BEP 1946
090 ## - LOCALLY ASSIGNED LC-TYPE CALL NUMBER (OCLC); LOCAL CALL NUMBER (OCLC)
Classification number (OCLC) (R) ; Classification number, CALL (RLIN) (NR) PN1851
Local cutter number (OCLC) ; Book number/undivided call number, CALL (RLIN) .B477
099 ## - LOCAL FREE-TEXT CALL NUMBER (OCLC)
Bangla Class number PN1851.B477
100 1# - MAIN ENTRY--PERSONAL NAME
Personal name Bentley, Eric,
Dates associated with a name 1916-
9 (RLIN) 185027
245 14 - TITLE STATEMENT
Title The playwright as thinker :
Remainder of title a study of drama in modern times /
Statement of responsibility, etc. Eric Bentley.
260 ## - PUBLICATION, DISTRIBUTION, ETC. (IMPRINT)
Place of publication, distribution, etc. New York :
Name of publisher, distributor, etc. Harcourt, Brace,
Date of publication, distribution, etc. 1946
300 ## - PHYSICAL DESCRIPTION
Pagination xxv, 290 p. ;
Size 22 cm.
504 ## - BIBLIOGRAPHY, ETC. NOTE
Bibliography, etc Includes bibliographical references and index.
650 #0 - SUBJECT ADDED ENTRY--TOPICAL TERM
Topical term or geographic name as entry element Drama
Chronological subdivision 19th century
General subdivision History and criticism.
9 (RLIN) 185463
Topical term or geographic name as entry element Drama
Chronological subdivision 20th century
General subdivision History and criticism.
9 (RLIN) 185074
942 ## - ADDED ENTRY ELEMENTS (KOHA)
Source of classification or shelving scheme Dewey Decimal Classification
Koha item type Books
949 ## - LOCAL PROCESSING INFORMATION (OCLC)
a MYGH
Holdings
Lost status Source of classification or shelving scheme Damaged status Not for loan Collection code Permanent Location Current Location Shelving location Date acquired Source of acquisition Total Checkouts Full call number Date last seen Copy number Koha item type
  Dewey Decimal Classification   Not For Loan Non-fiction Central Library, University of Rajshahi Central Library, University of Rajshahi Reading Room 13/10/1955 Zeetlinger   808.2 BEP 1946 23/01/2017 C-1 Books